Statistics for Gish Tracklist - Smashing Pumpkins

Click here to take the quiz!

General Stats

  • This quiz has been taken 2 times
  • The average score is 6 of 10

Answer Stats

HintAnswer% Correct
1I Am One
100%
3Rhinoceros
100%
2Siva
100%
4Bury Me
50%
5Crush
50%
10Daydream
50%
7Snail
50%
6Suffer
50%
9Window Paine
50%
8Tristessa
0%

Score Distribution

Percentile by Number Answered

Percent of People with Each Score

Your Score History

You have not taken this quiz